The skills of constructive negotiating

Bibliographic Details
Main Author: Scott, Bill
Format: Book
Published: England : Gower Press , 1990
Subjects:

MARC

LEADER 00000cam a2200000 7i4500
001 0000008339
005 20161018.0
020 |a 0566028123 
040 |a INS 
090 0 0 |a HD58.6   |b S34 1990 
100 1 |a Scott, Bill 
245 1 4 |a The skills of constructive negotiating   |c Bill Scott 
260 |a England :   |b Gower Press ,   |c 1990 
300 |a 2 sound cassettes (120 min) + 1 audio manual (125 p.) & 1 pocket size reminder card. 
650 0 0 |a Negotiation in business 
999 |a 0000023923   |b BOOK   |c Open Shelf   |e Default branch